Diccionario enciclopédico de educación (Registro nro. 13253)
[ vista simple ]
| 000 -Cabecera | |
|---|---|
| Campo de control de longitud fija | 00458nam a22001937a 4500 |
| 005 - Fecha y hora de la última transacción | |
| Campo de control | 20250207154237.0 |
| 008 - Elementos de longitud fija--Información general | |
| Campo de control de longitud fija | 220315b2003 xxu||||| |||| 00| 0 spa d |
| 020 ## - International Standard Book Number | |
| Número Internacional Estándar del Libro (ISBN) | 8432914002 |
| 041 ## - Idioma | |
| Código de idioma | Español |
| 082 ## - Clasificación Decimal Dewey | |
| Número de clasificación | R 370.3 D545d |
| 245 ## - Título propiamente dicho | |
| Título | Diccionario enciclopédico de educación |
| 260 ## - Pie de imprenta | |
| Lugar de publicación, distribución, etc. | España |
| 260 ## - Pie de imprenta | |
| Nombre del editor, distribuidor, etc. | Ediciones CEAC |
| 260 ## - Pie de imprenta | |
| Fecha de publicación, distribución, etc. | 2003 |
| 300 ## - Descripción física | |
| Extensión | 450 páginas |
| 650 ## - Materia general | |
| Temática (materia general) | DICCIONARIOS |
| 650 ## - Materia general | |
| Temática (materia general) | EDUCACIÓN |
| 942 ## - Punto de acceso adicional KOHA | |
| Tipo de ítem KOHA | Referencia |
| Fuente del sistema de clasificación o colocación | Dewey Decimal Classification |
| Signatura completa | Código de barras | Tipo de ítem |
|---|---|---|
| R 370.3 D545d | 13074 | Referencia |